000 00198 a2200097 4500
041 _aspa
100 _aRodriguez, Nuria
245 _aSeò¨r nimbo y la maquina de nubes
942 _cBK
952 _71
999 _c20483
_d20483